| 000 | 00733nam a22002657a 4500 | ||
|---|---|---|---|
| 001 | BR8402007 | ||
| 003 | BR-BrBNA | ||
| 005 | 20230928091914.0 | ||
| 007 | ta | ||
| 008 | 230509b bl.||||| |||| 00| 0 por d | ||
| 040 |
_aBR-BrBNA _bpor _cBiblioteca Nacional de Agricultura |
||
| 041 | _a(Por) | ||
| 072 |
_aE70 _b3735 _b/G514 |
||
| 090 | _ 3735 BR8402007 | ||
| 110 | 1 |
_aComissao Executiva do Sal, Rio de Janeiro, RJ (Brasil) _92152 |
|
| 245 | 1 | _aInforme conjuntural, 1983 [Comissao Executiva do Sal, Brasil] | |
| 260 | 3 |
_aRio de Janeiro, RJ (Brasil): _c1984. |
|
| 300 | _a8 p. | ||
| 650 | _aSAL | ||
| 650 | _aPRODUCAO | ||
| 650 | _aEXPORTACAO | ||
| 650 | _aCONSUMO | ||
| 909 |
_a202309 _bLucia _c55 _dLucia Elande |
||
| 942 | _cBK | ||
| 999 |
_c36131 _d36131 |
||